000 00609nam a2200181 i 4500
001 64925
003 ES-MaACL
005 20230906165245.0
007 t|
008 040107s1961 sp ||||1| spa d
100 1 _aFournials, Gaston.
_951968
245 1 3 _aEl duelo compra-venta
_b: el arte comprar y el arte de vender /
_cpor Gaston Fournials, Marcel Chapotin ; [traducción por Francisco Payarols].
260 _aBarcelona :
_bOmega,
_c[1961]
300 _a192 p. :
_bil. ;
_c23 cm.
700 1 _aChapotin, Marcel.
_938039
700 1 _aPayarols, Francisco.
_989715
852 _aES-MaACL
_jC-21523
_bR.49762
999 _c64925
_d64925